|
|
|
|
| LEADER |
00000nam a2200000 a 4500 |
| 001 |
vtls001089370 |
| 003 |
SK-MaSNL |
| 005 |
20260301150724.0 |
| 008 |
180815s1986 xo 0 slo |
| 015 |
|
|
|a SNBA1986/11
|
| 035 |
|
|
|a SNK000032210
|
| 040 |
|
|
|a SNK
|b slo
|c SNK
|e AACR2
|
| 041 |
0 |
|
|a slo
|
| 044 |
|
|
|a xo
|c SK
|
| 080 |
|
|
|a 65.015:63(075.8)(076.5)
|2 1981
|
| 080 |
|
|
|a 63(075.8)(076.5)
|2 1981
|
| 080 |
|
|
|a 63
|2 1981
|
| 100 |
1 |
|
|a Repka, Igor,
|d 1938-
|4 aut
|9 5047
|
| 245 |
1 |
0 |
|a Organizácia pracovných procesov
|b Návody na cvičenia
|c Igor Repka, Jozef Višňovský, Pavol Šimčák
|
| 250 |
|
|
|a 1. vyd.
|
| 260 |
|
|
|a Bratislava
|b Príroda
|c 1986
|e Nitra
|f Nitrianske tlačiarne
|
| 300 |
|
|
|a 239 s.
|b Tb.
|c 29 cm
|
| 504 |
|
|
|a Obsahuje bibliografiu
|
| 650 |
0 |
7 |
|a poľnohospodárstvo
|2 SNKPH
|9 679
|
| 650 |
0 |
7 |
|a organizácia práce
|2 SNKPH
|9 2330
|
| 655 |
|
7 |
|a učebnice vysokých škôl
|2 SNKPH
|9 70191
|
| 655 |
|
7 |
|a praktické cvičenia
|2 SNKPH
|9 70517
|
| 700 |
1 |
|
|a Višňovský, Jozef,
|d 1935-
|4 aut
|9 196127
|
| 700 |
1 |
|
|a Šimčák, Pavel,
|d 1939-
|4 aut
|9 7917
|
| 710 |
2 |
|
|a Vysoká škola poľnohospodárska v Nitre
|4 pbl
|9 165743
|
| 958 |
|
|
|a OND
|
| 958 |
|
|
|a TL
|
| 958 |
|
|
|a UV
|
| 999 |
|
|
|c 784413
|d 786343
|
| 952 |
|
|
|a SNK
|b SNK
|y PREZ
|7 0
|p 17A0836159
|o snkSB 40807
|0 0
|1 0
|4 0
|d 2012-05-08
|f 1
|l 0
|r 2025-04-28 00:00:00
|w 2026-02-24
|
| 952 |
|
|
|t P60, <04>, [BOOK], {604}
|a SNK
|b SNK
|y VYP
|7 0
|p 17A0204646
|o snkSB 40807 D1
|0 0
|1 0
|4 0
|d 1999-07-29
|l 0
|r 2004-12-31 00:00:00
|w 2026-02-24
|